| 000 | 00518nam a2200181Ia 4500 | ||
|---|---|---|---|
| 999 |
_c14383 _d14383 |
||
| 003 | OSt | ||
| 005 | 20201020110020.0 | ||
| 008 | 190216s9999||||xx |||||||||||||| ||und|| | ||
| 020 | _a9780199537884 | ||
| 040 | _coclc | ||
| 082 |
_a111.85 _bBUR/P |
||
| 100 |
_aBurke, Edmund _95960 |
||
| 245 | 2 |
_aA Philosophical Enquiry / _cEdmund Burke |
|
| 260 |
_bOxford University Press , _aNew York: _c2008. |
||
| 300 | _a173p | ||
| 650 | _aEnglish Essay | ||
| 942 |
_cBK _2ddc _h111.85 _iBUR/P _k111.85 _mBUR/P |
||